| 000 | 00534nam a2200181Ia 4500 | ||
|---|---|---|---|
| 008 | 140609s9999 xx 000 0 und d | ||
| 020 | _a9780071325851 | ||
| 050 |
_aRT 120.I5 _b.C559 2010 |
||
| 100 | _aChulay, Marianne. | ||
| 245 |
_aAACN essentials of critical care nursing / _cMarianne Chulay, Suzanne M. Burns |
||
| 250 | _a2nd ed. | ||
| 260 |
_aNew York : _bMcGraw-Hill, Medical, _cc2010. |
||
| 300 |
_a569 p. : _bill. ; _c27 cm. |
||
| 500 | _aIncludes index. | ||
| 521 | _aNUR | ||
| 942 |
_kFOR _cBK |
||
| 999 |
_c118288 _d118288 |
||